000
00306nam a22001457a 4500
008
221019b ||||| |||| 00| 0 eng d
020
_a
5810301
041
_a
eng
080
_a
617
082
_a
617 FOS
100
_a
12
101
_a
VAS
245
_a
COMPARATIVE MORPHOLOGY
_c
FOSTER
942
_2
udc
_c
BK
999
_c
58611
_d
58611